Statistics for Casino Vocabulary

Click here to take the quiz!

General Stats

  • This quiz has been taken 8 times
  • The average score is 11 of 25

Answer Stats

HintFirst
Letter
Answer% Correct
A disc used as currency in many casino games.CChip
100%
A casino card game in which the object is to try to acquire cards with a face value as close as possible to 21 without going over.BBlackjack
88%
A casino game in which two dice are rolled and certain number combinations win or lose. Players bet on correctly predicting the outcome of the dice rolls.CCraps
88%
A casino game in which a ball is dropped onto a revolving wheel with numbered compartments, the players betting on the number at which the ball will come to rest.RRoulette
88%
A casino game in which a machine displaying three or more reels pays out according to the pattern of symbols displayed on the reels when they stop spinning.S{Slot} machine
88%
Color of the lowest value poker chip in most casinos.WWhite
88%
A blackjack strategy that, while not illegal, is banned in casinos.CCard {counting}
75%
A casino card game with many variations that revolves around trying to obtain the best hand based on specific patterns.PPoker
75%
A casino game in which players make a wager before choosing 20 numbers (usually between 1 and 80). Twenty numbers are drawn at random and players are paid based on their wager and how many of their chosen numbers were drawn.KKeno
50%
A casino card game in which players hold two- or three-card hands, the winning hand being that giving the highest remainder when its face value is divided by ten.BBaccarat
38%
1. The amount of money a player comes to the casino with to be used strictly for placing bets.
2. The amount of money stocked at a game table before the start of a shift.
BBankroll
38%
A tightly controlled environment in which most of the large money transactions take place. Also the place players go to cash out (exchange chips for currency).CCage
38%
An area behind specialty game tables where supervisory personnel stand and monitor the games.PPit
38%
Checks written by players to the casino that are not honored by the bank due to insufficient funds.PBad {paper}
25%
To exchange lower value chips for higher value ones.C{Color} up
25%
A card that is dealt face down.H{Hole} card
25%
A casino employee who goes around to empty tables and pretends to be a player in order to get a game going and attract other players.SShill
25%
Umbrella term for games played against the casino and run by live croupiers.T{Table} games
25%
A wager made using stacks of chips of various colors and values.B{Barber} pole
13%
The first roll of a craps game.CCome-out
13%
A casino employee who helps supervise the dealers at gaming tables and watches for any problems or irregularities.FFloorperson
13%
A plastic device that dealers use to push paper money into the drop box.PPaddle
13%
In craps, a bet that the next roll will be 2.AAces
0%
To reshuffle a deck of cards during a blackjack game to prevent players from using banned strategies.B{Break} the deck
0%
A gambler who slowly works through his bankroll, betting very conservatively and in small amounts.G{Grind} player
0%

Score Distribution

Percentile by Number Answered

Percent of People with Each Score

Your Score History

You have not taken this quiz